header

A history of European women's work (Record no. 63594)

MARC details
000 -LEADER
fixed length control field 01464nam a2200373Ia 4500
082 04 - DEWEY DECIMAL CLASSIFICATION NUMBER
Classification number 331.4/094
100 1# - MAIN ENTRY--AUTHOR NAME
Personal name Simonton, Deborah,
245 12 - TITLE STATEMENT
Title A history of European women's work
260 ## - PUBLICATION, DISTRIBUTION, ETC. (IMPRINT)
Place of publication New York :
Name of publisher Routledge,
Year of publication 1998.
300 ## - PHYSICAL DESCRIPTION
Number of Pages xii, 337 p.
650 #0 - SUBJECT ADDED ENTRY--TOPICAL TERM
Topical Term Women
Topical Term Rural women
Topical Term Women household employees
Topical Term Women farmers
Topical Term Housewives
Topical Term Home economics
856 40 - ELECTRONIC LOCATION AND ACCESS
Uniform Resource Identifier http://site.ebrary.com/lib/rucke/Doc?id=10054928

No items available.

© 2026 Rongo University
Contact us: librarian | system librarian | Rongo university